000 00337nam a2200145Ia 4500
008 130318s9999 xx 000 0 und d
020 _a8178000148
082 _a621.392 BHA/V
100 _aBhasker, J
245 _aA VHDL synthesis primer
250 _a2
260 _bBS Publication
_aHyderabad
_c1995
300 _a296
650 _aVHDL
999 _c1677
_d1677